| 000 | 00360nam a22001457a 4500 | ||
|---|---|---|---|
| 020 | _a81-88403-19-9 | ||
| 082 |
_aH 305.9 _bSAK/M |
||
| 100 | _aSakunthala Meena | ||
| 245 |
_aMeena jathi ka abhyuday/ _cby Sakunthala Meena |
||
| 260 |
_aJaipur: _bAalok, _c2013. |
||
| 300 | _a310p. | ||
| 650 | _aMeena Social Groups | ||
| 650 | _aSocial Sciences | ||
| 942 | _cBK | ||
| 999 |
_c52125 _d52125 |
||